000 01079cam a2200301 i 4500
001 45945
003 Mx-PuUPA
005 20250924155833.0
008 140415s2003 inua fr 001 0 eng d
020 _a0764526413
040 _aMx-PuUPA
_bspa
_cMx-PuUPA
_dMx-PuUPA
_erda
041 0 _aeng
100 1 _99488
_aCooper, Alan,
_d1952-
_eautor
245 1 0 _aAbout face 2.0 :
_bthe essentials of interaction design /
_cAlan Cooper and Robert Reimann
264 1 _aIndianapolis, Indiana :
_bWiley Publishing,
_c©2003
300 _axxxiv, 540 páginas :
_bilustraciones ;
_c24 cm
336 _atexto
_2rdacontent
_btxt
337 _asin medio
_2rdamedia
_bn
338 _avolumen
_2rdacarrier
_bnc
650 7 _2armarc
_aInteracción hombre - computador
650 7 _2armarc
_aInterfaces con el usuario (computadores)
650 7 _2armarc
_aDiseño
700 1 _aReimann, Robert,
_eautor
942 _2ddc
_cLI
_h005.438
_iC76
999 _c45945
_d45945